Normal view MARC view

Entry Nome pessoal

Number of records used in: 1

001 - NÚMERO DE CONTROLE

  • campo de controle: 807

003 - IDENTIFICADOR DO NÚMERO DE CONTROLE

  • campo de controle: Br

005 - DATA E HORÁRIO DA ÚLTIMA TRANSAÇÃO

  • campo de controle: 20250408103913.0

008 - CAMPO DE DADOS FIXOS

  • campo de controle de tamanho fixo: 971126n| acnnnaab| aaaa |d

035 ## - NÚMERO DE CONTROLE DO SISTEMA

  • Número de Controle do Sistema: 97112618591538E19

040 ## - FONTE DA CATALOGAÇÃO

  • Instituição da catalogação original: Br
  • Instituição que transcreveu o registro: Br
  • Convenções de cabeçalho de assunto/tesauros: Br
  • Idioma da catalogação: por

100 1# - CABEÇALHO--NOME PESSOAL

  • Nome pessoal: Kondo, Daniel,
  • Datas associadas ao nome: 1971-

670 ## - FONTE POSITIVA DOS DADOS

  • Citação da fonte positiva dos dados: Sec. de: Prieto, Heloisa. Lá vem história. 1997
  • Dados encontrados na fonte localizada no subcampo: (ilustrador)

670 ## - FONTE POSITIVA DOS DADOS

  • Citação da fonte positiva dos dados: Em: Ri melhor quem ri primeiro. 1998
  • Dados encontrados na fonte localizada no subcampo: (p. 71: d.n.)

670 ## - FONTE POSITIVA DOS DADOS

  • Citação da fonte positiva dos dados: http://viaf.org/processed/DNB%7C1043581863
  • Dados encontrados na fonte localizada no subcampo: (Cartunista; d.n.)

670 ## - FONTE POSITIVA DOS DADOS

  • Citação da fonte positiva dos dados: http://authorities.loc.gov 7/1/2016
  • Dados encontrados na fonte localizada no subcampo: (nasceu em Passo Fundo, em 1971; ilustrador)

670 ## - FONTE POSITIVA DOS DADOS

  • Citação da fonte positiva dos dados: Em: Machado, Felipe. Um lugar chamado aqui. 2016
  • Dados encontrados na fonte localizada no subcampo: (p.[44]: designer)

Powered by Koha